01690nas a2200265 i 450000100070000000500170000700700030002400800470002701100150007404000300008904100080011911000990012724501370022626401110036330000560047431000160053033600280054633700350057433800290060936200360063850000740067452004950074865000670124365001140131025381920260203112418.0ta260203e1980 dr qn p|co || |0spa d| |  a  aDO-SdBNPbspacBNPHUerda hspa aUniversidad Autónoma de Santo Domingo (UASD)bDepartamento de Difusión Artistica y Cultura aExtensión : brevista trimestral del Departamento de Difusión Artistica y Cultura de la Universidad Autónoma de Santo Domingo. aSanto Domingo, República Dominicana :bDepartamento de Difusión Artística y Cultural (UASD), c1980. avolumen : bilustraciones, fotografías ; c27 cm. aTrimestral. atextobtxt 2rdacontent asin mediación bn 2rdamedia avolumenbnc 2rdacarrier aAño 1. No. 1. diciembre 1980. aCatalogación basada en el número: Año 1. No. 1. diciembre 1980. a"La extensión es una de las tres vertientes universitarias. Junto a la Docencia y la Investigación forma el trío de funciones básicas de las universidades modernas". Este principio nos lleva a la convicción de que una universidad enclavada en un país del Tercer Mundo superexplotado y con un analfabetismo que abarca importantes sectores del país, tiene que darle real importancia a la extensión. De ahí nuestro nombre "Extension", que pretendemos no sea sólo un nombre. aLiteraturavPublicaciones periódicaszRepública Dominicana aDepartamento de Difusión Artística y CulturalxUASD)vPublicaciones periódicas zRepública Dominicana